Albums of 1982 - Statistics

General Stats
  • This quiz has been taken 59 times
  • The average score is 9 of 22
Answer Stats
album artist % Correct
Rio Duran Duran
89%
Nebraska Bruce Springsteen
78%
The Number of the Beast Iron Maiden
67%
Combat Rock The Clash
67%
Abracadabra Steve Miller Band
65%
Avalon Roxy Music
56%
Bad To The Bone George Thorogood & The Destroyers
54%
American Fool John Cougar (Mellencamp)
48%
Too-Rye-Ay Dexys Midnight Runners
46%
Diver Down Van Halen
44%
Always On My Mind Willie Nelson
44%
Kissing To Be Clever Culture Club
43%
Coda Led Zeppelin
43%
Hello, I Must Be Going! Phil Collins
43%
Signals Rush
39%
Shabooh Shabooh INXS
26%
Pornography The Cure
26%
It's Hard The Who
20%
A Broken Frame Depeche Mode
9%
Creatures of the Night Kiss
9%
Picture This Huey Lewis and the News
4%
Wasn't Tomorrow Wonderful The Waitresses
2%
No matching quizzes found
Score Distribution
Percent of People with Each Score
Percentile by Number Answered
Your Score History
You have not taken this quiz